000 00878nam a2200253Ia 4500
003 OSt
005 20220923212730.0
006 a|||||r|||| 00| 0
007 ta
008 220922b |||||||| |||| 00| 0 hin d
024 _a155,672
037 _cTextual
040 _aARTS
_cARTS
_bhin
041 _2hin
_ahin
082 _aO44w, 152M9
100 _aजैन, वीरेन्द्र
245 0 _aज्ञानपीठ पुरस्कार विजेता साहित्कार
246 _aJnyānapīṭh puraskār vijetā sāhitkāra
260 _aनई दिल्ली
_b प्रवीण प्रकाशन
_c1989
300 _a200 पृ.
_ccm.
650 _aहिन्दी साहित्य
_9156264
942 _hO44w, 152M9
_cTEXL
_2CC
999 _c311140
_d311140